Biotechnology of animal culture. (Record no. 108271)

MARC details
000 -LEADER
fixed length control field 00551nam a2200217Ia 4500
003 - CONTROL NUMBER IDENTIFIER
control field OSt
005 - DATE AND TIME OF LATEST TRANSACTION
control field 20260106100625.0
008 - FIXED-LENGTH DATA ELEMENTS--GENERAL INFORMATION
fixed length control field 210210b2006 xxu||||| |||| 00| 0 eng d
020 ## - INTERNATIONAL STANDARD BOOK NUMBER
International Standard Book Number 81 8356 101 2
040 ## - CATALOGING SOURCE
Transcribing agency AL
041 ## - LANGUAGE CODE
Language code of text/sound track or separate title English
082 ## - DEWEY DECIMAL CLASSIFICATION NUMBER
Classification number 591.0724 YADB
100 ## - MAIN ENTRY--PERSONAL NAME
Personal name Yadav P R
9 (RLIN) 250239
245 ## - TITLE STATEMENT
Title Biotechnology of animal culture.
260 ## - PUBLICATION, DISTRIBUTION, ETC.
Place of publication, distribution, etc. New Delhi
Name of publisher, distributor, etc. Discovery Publishing House
Date of publication, distribution, etc. 2006
300 ## - PHYSICAL DESCRIPTION
Extent 257
650 ## - SUBJECT ADDED ENTRY--TOPICAL TERM
Topical term or geographic name entry element Animal Biotechnology
9 (RLIN) 250240
700 ## - ADDED ENTRY--PERSONAL NAME
Personal name Rajiv ,Tyagi
9 (RLIN) 250241
906 ## - LOCAL DATA ELEMENT F, LDF (RLIN)
a 061520
942 ## - ADDED ENTRY ELEMENTS (KOHA)
Source of classification or shelving scheme Dewey Decimal Classification
Koha item type Book
Holdings
Withdrawn status Lost status Source of classification or shelving scheme Damaged status Not for loan Collection code Home library Current library Date acquired Source of acquisition Cost, normal purchase price Total Checkouts Full call number Barcode Date last seen Price effective from Koha item type
    Dewey Decimal Classification     Bio Technology St Aloysius Library St Aloysius Library 02/17/2021 Intel Book Distributors Pvt Ltd, Bangalore-50 675.00   591.0724 YADB 061520 02/17/2021 02/17/2021 Book